MARC details
| 000 -CABECERA |
| campo de control de longitud fija |
01583cam a2200325 a 4500 |
| 001 - NÚMERO DE CONTROL |
| campo de control |
000044137 |
| 003 - IDENTIFICADOR DEL NÚMERO DE CONTROL |
| campo de control |
DO-SdBNP |
| 005 - FECHA Y HORA DE LA ÚLTIMA TRANSACCIÓN |
| campo de control |
20240715092745.0 |
| 006 - CÓDIGOS DE INFORMACIÓN DE LONGITUD FIJA--CARACTERÍSTICAS DEL MATERIAL ADICIONAL |
| campo de control de longitud fija |
a||||er|||| 00| 0 |
| 007 - CAMPO FIJO DE DESCRIPCIÓN FÍSICA--INFORMACIÓN GENERAL |
| campo de control de longitud fija |
ta |
| 008 - DATOS DE LONGITUD FIJA--INFORMACIÓN GENERAL |
| campo de control de longitud fija |
820402e1980 ch aho 000 e spa d |
| 040 ## - FUENTE DE LA CATALOGACIÓN |
| Centro catalogador/agencia de origen |
DO-SdBNP |
| Lengua de catalogación |
spa |
| Centro/agencia transcriptor |
BNPHU |
| Normas de descripción |
rda |
| 082 #4 - NÚMERO DE LA CLASIFICACIÓN DECIMAL DEWEY |
| Número de edición |
22 |
| Número de clasificación |
983.065 |
| Número de documento/Ítem |
P657d, 1980 |
| 100 1# - ENTRADA PRINCIPAL--NOMBRE DE PERSONA |
| Nombre de persona |
Pinochet Ugarte, Augusto, |
| Fechas asociadas al nombre |
1915-2006. |
| 9 (RLIN) |
27568 |
| 245 13 - MENCIÓN DE TÍTULO |
| Título |
El día decisivo : |
| Resto del título |
11 de septiembre de 1973 / |
| Mención de responsabilidad, etc. |
A. Pinochet U. |
| 250 ## - MENCIÓN DE EDICIÓN |
| Mención de edición |
4a. edición. |
| 264 #1 - PRODUCCIÓN, PUBLICACIÓN, DISTRIBUCIÓN, FABRICACIÓN Y COPYRIGHT |
| Producción, publicación, distribución, fabricación y copyright |
[Santiago de Chile] : |
| Nombre del de productor, editor, distribuidor, fabricante |
Editorial Andrés Bello, |
| Fecha de producción, publicación, distribución, fabricación o copyright |
1980 |
| 300 ## - DESCRIPCIÓN FÍSICA |
| Extensión |
279 páginas : |
| Otras características físicas |
ilustraciones, facsímil, fotografías ; |
| Dimensiones |
23 cm. |
| 336 ## - TIPO DE CONTENIDO |
| Fuente |
rdacontent |
| Término de tipo de contenido |
texto |
| Código de tipo de contenido |
txt |
| 337 ## - TIPO DE MEDIO |
| Fuente |
rdamedia |
| Nombre/término del tipo de medio |
sin mediación |
| Código del tipo de medio |
n |
| 338 ## - TIPO DE SOPORTE |
| Fuente |
rdacarrier |
| Nombre/término del tipo de soporte |
volumen |
| Código del tipo de soporte |
nc |
| 500 ## - NOTA GENERAL |
| Nota general |
Incluye bibliografía y notas al pie de páginas. |
| 505 ## - NOTA DE CONTENIDO CON FORMATO |
| Nota de contenido con formato |
Prólogo. |
| Título |
Entrada en Materia.-- Primeros años en la carrera de las armas.-- El comportamiento militar estanco.-- elección presidencial.-- No hay mejor defensa que un buen ataque.-- Los últimos meses del régimen marxista.-- Actividadades del día 10 y noche del 10 al 11 de septiembre de 1973.-- La batalla de Santiago.-- Constitución y primeras actividades de la Junta de Gobierno.-- Cuenta del estado del país al 11 de septiembre de 1973.-- |
| -- |
Anexos. |
| 590 ## - NOTA LOCAL (RLIN) |
| Nota local |
Inventariado 2024 / MF |
| 600 #4 - PUNTO DE ACCESO ADICIONAL DE MATERIA--NOMBRE DE PERSONA |
| Nombre de persona |
Pinochet Ugarte, Augusto, |
| 9 (RLIN) |
71031 |
| Fechas asociadas al nombre |
1915-2006 |
| 650 #4 - PUNTO DE ACCESO ADICIONAL DE MATERIA--TÉRMINO DE MATERIA |
| Término de materia o nombre geográfico como elemento de entrada |
Presidentes |
| Subdivisión geográfica |
Chile |
| Subdivisión general |
Entrevistas |
| 9 (RLIN) |
41069 |
| 651 #4 - PUNTO DE ACCESO ADICIONAL DE MATERIA--NOMBRE GEOGRÁFICO |
| Nombre geográfico |
Chile |
| Subdivisión general |
Historia |
| Subdivisión cronológica |
1973. |
| 9 (RLIN) |
41067 |
| 651 #4 - PUNTO DE ACCESO ADICIONAL DE MATERIA--NOMBRE GEOGRÁFICO |
| Nombre geográfico |
Chile |
| Subdivisión general |
Política Y Gobierno |
| Subdivisión cronológica |
1970-1973. |
| 9 (RLIN) |
41068 |
| 942 ## - ELEMENTOS DE PUNTO DE ACCESO ADICIONAL (KOHA) |
| Fuente del sistema de clasificación o colocación |
Dewey Decimal Classification |
| Tipo de ítem Koha |
Libro |